000
00208nam a2200085 4500
001
1255149
005
20251204162247.0
245
_a
SAYILARIN EFENDİLERİ
_c
DUYGU KAÇARANOĞLU
260
_b
GENÇ TİMAŞ YAYINLARI
999
_c
1255149
_d
1255149